<?xml version="1.0" encoding="UTF-8"?>
<record
    xmlns:xsi="http://www.w3.org/2001/XMLSchema-instance"
    xsi:schemaLocation="http://www.loc.gov/MARC21/slim http://www.loc.gov/standards/marcxml/schema/MARC21slim.xsd"
    xmlns="http://www.loc.gov/MARC21/slim">

  <leader>04076nam a2200277   4500</leader>
  <controlfield tag="003">DO-SdUA</controlfield>
  <controlfield tag="005">20250325142732.0</controlfield>
  <controlfield tag="008">      s2020    dr  || |||| 0 |a||0|spa d</controlfield>
  <datafield tag="040" ind1=" " ind2=" ">
    <subfield code="a">DO-SdUA</subfield>
    <subfield code="b">spa</subfield>
    <subfield code="c">DO-SdUA</subfield>
  </datafield>
  <datafield tag="041" ind1="0" ind2=" ">
    <subfield code="a">spa</subfield>
  </datafield>
  <datafield tag="092" ind1=" " ind2=" ">
    <subfield code="a">MA-EFD 0008 FCE 2020</subfield>
  </datafield>
  <datafield tag="100" ind1="1" ind2=" ">
    <subfield code="a">Feliz Pe&#xF1;a, Santo Bernardo </subfield>
  </datafield>
  <datafield tag="245" ind1="1" ind2="0">
    <subfield code="a">Estrategia metodol&#xF3;gica para el mejoramiento del ataque en voleibol en los estudiantes de 3er grado del nivel secundario en el Liceo Prof. Valencia Matos D&#xED;az, Distrito Educativo 01-04, Las Salinas, Barahona, Rep&#xFA;blica Dominicana, a&#xF1;o escolar 2018-2019 /</subfield>
    <subfield code="c">Santo Bernardo Feliz Pe&#xF1;a.</subfield>
  </datafield>
  <datafield tag="260" ind1=" " ind2=" ">
    <subfield code="a">Las Salinas (Barahona) :</subfield>
    <subfield code="b">UASD, </subfield>
    <subfield code="c">2020.</subfield>
  </datafield>
  <datafield tag="300" ind1=" " ind2=" ">
    <subfield code="a">90 h. :</subfield>
    <subfield code="b">il.</subfield>
  </datafield>
  <datafield tag="502" ind1=" " ind2=" ">
    <subfield code="a">Tesis y trabajo de grado (Maestr&#xED;a en Educaci&#xF3;n F&#xED;sica y el Deporte)--Universidad Aut&#xF3;noma de Santo Domingo, Barahona, 2020.</subfield>
  </datafield>
  <datafield tag="504" ind1=" " ind2=" ">
    <subfield code="a">Incluye referencias bibliogr&#xE1;ficas.</subfield>
  </datafield>
  <datafield tag="520" ind1="3" ind2=" ">
    <subfield code="a">El objetivo general de esta investigaci&#xF3;n fue favorecer el mejoramiento del ataque en voleibol en los estudiantes de 3er grado del nivel secundario en el Liceo Prof. Valencia Matos D&#xED;az, Distrito Educativo 01-04, Las Salinas, Barahona, Rep&#xFA;blica Dominicana, a&#xF1;o escolar 2018-2019. Esta investigaci&#xF3;n tiene un alcance descriptivo con un enfoque mixto y dise&#xF1;o no experimental. La poblaci&#xF3;n estuvo conformada por 3 especialistas, 30 estudiantes de 3er grado del nivel secundario y 1 profesor educaci&#xF3;n f&#xED;sica en el Liceo Prof. Valencia Matos D&#xED;az, Distrito Educativo 01-04, Las Salinas, Barahona. Se seleccion&#xF3; como muestra el total de la poblaci&#xF3;n. Se utilizaron las t&#xE9;cnicas de la observaci&#xF3;n, consulta a expertos, la encuesta y la entrevista, y como instrumentos se utilizaron el diario de campo y cuestionario. Se concluye que los estudiantes exteriorizan deficiencias considerables al estar inmersos en las actividades realizadas en la pr&#xE1;ctica deportiva de voleibol. Demuestran falencias sobre el dominio de conceptos primordiales ligados al fundamento del ataque, impidiendo as&#xED; la elaboraci&#xF3;n de aprendizajes que favorezcan la toma de decisiones correctas en los distintos dinamismos desarrollados y no ser meros repetidores de las acciones que se les son impartidas. Los m&#xE9;todos y estrategias empleadas en la pr&#xE1;ctica pedag&#xF3;gica son v&#xE1;lidos, no obstante resultan insuficientes para el logro de la ense&#xF1;anza y aprendizaje del ataque, ocasionando rupturas en los procesos cognitivos de los estudiantes. Se confecciona la estrategia metodol&#xF3;gica como respuesta tentativa a la problem&#xE1;tica, bajo un enfoque din&#xE1;mico y novedoso. La propuesta elaborada cumple satisfactoriamente los elementos evaluados, por lo cual es susceptible de producir los resultados esperados en el proceso ense&#xF1;anza-aprendizaje donde se aplique. Se recomend&#xF3; cumplir con el perfil del docente del nivel secundario plasmado en el dise&#xF1;o curricular dominicano por medio al conocimiento y comprensi&#xF3;n de la adolescencia como etapa de desarrollo, la utilizaci&#xF3;n de diversos m&#xE9;todos en la clase y selecci&#xF3;n de estrategias pertinentes. Estimular a los estudiantes a participar de manera activa en la pr&#xE1;ctica del voleibol, con el fin de fortalecer el dominio de la t&#xE9;cnica de ataque, en calidad de contribuir al fortalecimiento de los conocimientos, habilidades, destrezas, actitudes y valores. Seguir las indicaciones del docente de educaci&#xF3;n f&#xED;sica, realizando las asignaciones en el tiempo preciso, como mecanismo de desarrollar sus habilidades y destrezas en el dominio tanto te&#xF3;rico como pr&#xE1;ctico de los distintos fundamentos t&#xE9;cnicos del voleibol, en especial los elementos b&#xE1;sicos en el aprendizaje de la t&#xE9;cnica del ataque.</subfield>
  </datafield>
  <datafield tag="530" ind1=" " ind2=" ">
    <subfield code="a">Tambi&#xE9;n disponible en CD-ROM (CD MA-EFD 0008 FCE 2020).</subfield>
  </datafield>
  <datafield tag="650" ind1=" " ind2="7">
    <subfield code="2">lemb</subfield>
    <subfield code="9">30024</subfield>
    <subfield code="a">Voleibol</subfield>
    <subfield code="x">Estrategias y t&#xE9;cnica</subfield>
    <subfield code="x">Metodolog&#xED;a</subfield>
  </datafield>
  <datafield tag="650" ind1=" " ind2="7">
    <subfield code="2">lemb</subfield>
    <subfield code="9">52988</subfield>
    <subfield code="a">Deportes escolares</subfield>
  </datafield>
  <datafield tag="650" ind1=" " ind2="7">
    <subfield code="2">lemb</subfield>
    <subfield code="9">10569</subfield>
    <subfield code="a">Educaci&#xF3;n secundaria</subfield>
  </datafield>
  <datafield tag="651" ind1=" " ind2="7">
    <subfield code="9">53599</subfield>
    <subfield code="a">Barahona (Provincia)</subfield>
    <subfield code="y">2018-2019</subfield>
    <subfield code="z">Las Salinas</subfield>
  </datafield>
  <datafield tag="830" ind1=" " ind2=" ">
    <subfield code="a">Tesis y disertaciones acad&#xE9;micas (Universidad Aut&#xF3;noma de Santo Domingo)</subfield>
  </datafield>
  <datafield tag="942" ind1=" " ind2=" ">
    <subfield code="2">cl</subfield>
    <subfield code="c">T</subfield>
    <subfield code="n">0</subfield>
  </datafield>
  <datafield tag="999" ind1=" " ind2=" ">
    <subfield code="c">12600</subfield>
    <subfield code="d">12600</subfield>
  </datafield>
  <datafield tag="952" ind1=" " ind2=" ">
    <subfield code="0">0</subfield>
    <subfield code="1">0</subfield>
    <subfield code="2">ddc</subfield>
    <subfield code="4">0</subfield>
    <subfield code="7">0</subfield>
    <subfield code="a">RII</subfield>
    <subfield code="b">RII</subfield>
    <subfield code="d">2025-03-25</subfield>
    <subfield code="l">0</subfield>
    <subfield code="r">2025-03-25 14:27:07</subfield>
    <subfield code="w">2025-03-25</subfield>
    <subfield code="y">TED</subfield>
  </datafield>
</record>
